Backlit on the Big Screen II Quiz Stats

 Plays Quiz Updated Feb 10, 2018

Challenge
Share
Tweet
Score 0/25 Timer 07:00
1 Play Today
% Correct
Psycho
95.5%
Jaws
90.9%
Fiddler on the Roof
82%
The Jungle Book
78.7%
Ocean's Eleven
78%
The Revenant
66.3%
Raging Bull
65.9%
Star Wars: Episode VII -- The Force Awakens
65.1%
The Lord of the Rings: The Fellowship of the Ring
63.9%
The Shining
63.8%
The Last Samurai
63.5%
There Will Be Blood
54.3%
The Last Emperor
53.5%
% Correct
Up in the Air
49.6%
The Crow
42.7%
La La Land
39.7%
The French Connection
38%
L.A. Confidential
35.8%
Manhattan
28.2%
The Godfather: Part II
26.2%
Jarhead
25.7%
Star Trek II: The Wrath of Khan
22.9%
Lenny
22.3%
Arrival
19.8%
Double Indemnity
3.5%

You're not logged in!

Compare scores with friends on all Sporcle quizzes.
Join for Free
OR
Log In

You Might Also Like...

Show Comments

Extras

Top Quizzes Today


Score Distribution

Your Account Isn't Verified!

In order to create a playlist on Sporcle, you need to verify the email address you used during registration. Go to your Sporcle Settings to finish the process.

Report this User

Report this user for behavior that violates our Community Guidelines.

Details: